000 00686cam a2200205 4500
001 WB3610-48
008 000000n2000 000 0 eng u
035 _a(Sirsi) u104646
245 _aResidents confused by regeneration
260 _c2000
490 _aBuilding Design
_v (1430) 3 March 2000, 2(1)
520 _aConsultation initiatives are confusing local residents in areas involved in regeneration. Claims that some local authorities are only paying lip service to consultation initiatives.
590 _aWB
650 _aCOMMUNITY
650 _aCONSULTATION
650 _aLOCAL AUTHORITIES
650 _aREGENERATION PROJECTS
690 _aREGENERATION
942 _n0
999 _c62786
_d62786